| 000 | 00771nam a2200181 i 4500 | ||
|---|---|---|---|
| 001 | 170559 | ||
| 003 | ES-MaACL | ||
| 005 | 20230906214410.0 | ||
| 008 | 090316s1972 fr |||| | fre d | ||
| 080 | _a782(44) | ||
| 245 | 0 | 0 |
_aDeux siècles d'opéra français _b: [Exposition organisée à l'occasion du tricentenaire de l'Académie Royale de Musique par la Bibliothèque Nationale, dans la nouvelle Galerie du Musée de l'Opéra]. |
| 246 | 1 | 4 | _a2 siècles d'opéra français |
| 260 |
_aParis : _bBibliothèque Nationale, _c1972. |
||
| 300 |
_a76 p. : _bil. col. y n. ; _c20 x 20 cm. |
||
| 650 | 4 |
_aÓpera- _zFrancia. _915710 |
|
| 710 | 2 |
_aBibliothèque nationale de France. _92217 |
|
| 852 | 4 |
_aES-MaACL _jE-12515 _9R.140113 _z. - Biblioteca Jacinto Martínez Lacalle |
|
| 999 |
_c170559 _d170559 |
||